The Evolution of Galaxies through the neutral hydrogen window (Record no. 17265)

MARC details
000 -LEADER
fixed length control field 00991nam a2200217Ia 4500
003 - CONTROL NUMBER IDENTIFIER
control field IN-BaIIA
008 - FIXED-LENGTH DATA ELEMENTS--GENERAL INFORMATION
fixed length control field 211028s9999 xx 000 0 eng d
020 ## - INTERNATIONAL STANDARD BOOK NUMBER
International Standard Book Number 978-0-7354-0558-5
040 ## - CATALOGING SOURCE
Transcribing agency IIA Library
080 ## - UNIVERSAL DECIMAL CLASSIFICATION NUMBER
Universal Decimal Classification number 524.6(082.1)
Item number THE
111 ## - MAIN ENTRY--MEETING NAME
Meeting name or jurisdiction name as entry element Conference on the Evolution of Galaxies Through the Neutral Hydrogen Window
Location of meeting Arecibo Observatory
Date of meeting or treaty signing 2008 Feb. 1-3
9 (RLIN) 32542
245 #4 - TITLE STATEMENT
Title The Evolution of Galaxies through the neutral hydrogen window
Remainder of title proceedings of the Conference on the Evolution of Galaxies through the neutral hydrogen window, held in Arecibo Observatory, Puerto Rico, 1 - 3 February, 2008
Statement of responsibility, etc. edited by Robert Minchin and Emmanuel Momjian.
260 ## - PUBLICATION, DISTRIBUTION, ETC.
Place of publication, distribution, etc. Melville
Name of publisher, distributor, etc. American Institute of Physics
Date of publication, distribution, etc. 2008
300 ## - PHYSICAL DESCRIPTION
Extent [various pagings.]
650 ## - SUBJECT ADDED ENTRY--TOPICAL TERM
Topical term or geographic name entry element Cosmology-Congresses
9 (RLIN) 30162
650 ## - SUBJECT ADDED ENTRY--TOPICAL TERM
Topical term or geographic name entry element Galaxies-Congresses
9 (RLIN) 14448
650 ## - SUBJECT ADDED ENTRY--TOPICAL TERM
Topical term or geographic name entry element Star formation-Congresses
9 (RLIN) 25094
700 ## - ADDED ENTRY--PERSONAL NAME
Personal name Minchin, Robert., ed.
9 (RLIN) 32543
700 ## - ADDED ENTRY--PERSONAL NAME
Personal name Momjian, Emmanuel., ed.
9 (RLIN) 32544
942 ## - ADDED ENTRY ELEMENTS (KOHA)
Koha item type Books
Holdings
Withdrawn status Lost status Damaged status Not for loan Home library Current library Shelving location Date acquired Source of acquisition Cost, normal purchase price Total Checkouts Full call number Barcode Date last seen Cost, replacement price Price effective from Koha item type Purchase Price
        IIA Library-Bangalore IIA Library-Bangalore General Stacks 15/05/2009 BB 508.00   524.6(082.1)/ THE 18187 05/11/2021 508.00 15/05/2009 Books Rs. 508.00

Powered by Koha